书目信息 |
| 题名: |
神奇物种
|
|
| 作者: | 李栓科 主编 | |
| 分册: | ||
| 出版信息: | 北京 北京联合出版公司 2022 |
|
| 页数: | 299页 | |
| 开本: | 26cm | |
| 丛书名: | COP15系列宣传活动图书 中国国家地理 | |
| 单 册: | ||
| 中图分类: | S863 | |
| 科图分类: | ||
| 主题词: | 动物保护--概况--中国 | |
| 电子资源: | ||
| ISBN: | 978-7-5596-5940-8 | |
| 000 | 01050nam0 2200277 450 | |
| 001 | 011918305 | |
| 005 | 20220829170906.0 | |
| 010 | @a978-7-5596-5940-8@dCNY128.00 | |
| 100 | @a20220819d2022 em y0chiy0120 ea | |
| 101 | 0 | @achi |
| 102 | @aCN@b110000 | |
| 105 | @aa z 000yy | |
| 106 | @ar | |
| 200 | 1 | @a神奇物种@9shen qi wu zhong@e中国野生动物保护百年@dFantastic species@ewildlife conservation in China through the lens@f李栓科主编@zeng |
| 210 | @a北京@c北京联合出版公司@d2022 | |
| 215 | @a299页@c彩图,照片@d26cm | |
| 225 | @aCOP15系列宣传活动图书 中国国家地理 | |
| 300 | @aCOP15系列宣传活动图书 中国国家地理 | |
| 330 | @a本书共五部分,内容包括:“森林·山地:虎啸猿啼”“草原?荒漠:羚聚狼逐”“河湖·湿地:鹤舞鱼跃”“海洋?海岸:鸥集鲸嬉”“农田·城市:和谐共生”。 | |
| 510 | 1 | @aFantastic species@ewildlife conservation in China through the lens@zeng |
| 586 | @a | |
| 606 | 0 | @a动物保护@x概况@y中国 |
| 690 | @aS863@v5 | |
| 701 | 0 | @a李栓科@9li shuan ke@4主编 |
| 801 | 0 | @aCN@c20220904 |
| 905 | @dS863@eL263@f1@sS863/L263@S@Z | |
| 神奇物种:中国野生动物保护百年=Fantastic species:wildlife conservation in China through the lens/李栓科主编.-北京:北京联合出版公司,2022 |
| 299页:彩图,照片;26cm.-(COP15系列宣传活动图书 中国国家地理) |
| COP15系列宣传活动图书 中国国家地理 |
| ISBN 978-7-5596-5940-8:CNY128.00 |
| 本书共五部分,内容包括:“森林·山地:虎啸猿啼”“草原?荒漠:羚聚狼逐”“河湖·湿地:鹤舞鱼跃”“海洋?海岸:鸥集鲸嬉”“农田·城市:和谐共生”。 |
| ● |
| 相关链接 |
|
|
|
正题名:神奇物种
索取号:S863/L263
 
预约/预借
| 序号 | 登录号 | 条形码 | 馆藏地/架位号 | 状态 | 备注 |
| 1 | 21619366 | 216193660 | 自科库401/401自科库 2排2列3层/ [索取号:S863/L263] | 在馆 |